000 00865nas a2200289 4500
001 BR9900205
003 BR-BrBNA
005 20231205101158.0
007 ta
008 230509b bl.|||p| |||| 00| 00por d
040 _aBR-BrBNA
_bpor
_cBiblioteca Nacional de Agricultura
041 _a(Pt)
072 _aF08
100 1 _aHungria, M.
100 1 _aAndrade, D. de S.
100 1 _aColozzi-Filho, A.
100 1 _aBalota, E.L.
245 1 _aInteracao entre microrganismos do solo, feijoeiro e milho em monocultura ou consorcio
650 _aFeijao
650 _aMilho
650 _aMicrorganismo
650 _aMonocultura
650 _aConsorciacao de Cultura
773 0 _tPesquisa Agropecuaria Brasileira (Brazil)
_xISSN 0100-204X
_g(Aug 1997), v. 32(8) p. 807-818
_wBR9900205
909 _a202311
_bLúcia
_c55
_dLúcia Elande
942 _2AGRIS
_n0
_cANA
999 _c160245
_d160245